HANDBOOK OF FOOD AND NUTRITION (Record no. 28563)

MARC details
000 -LEADER
fixed length control field 00363nam a22001577a 4500
003 - CONTROL NUMBER IDENTIFIER
control field SGT
020 ## - INTERNATIONAL STANDARD BOOK NUMBER
International Standard Book Number 978-81-7132-588-7
082 ## - DEWEY DECIMAL CLASSIFICATION NUMBER
Classification number 641.2
Item number KUL
100 ## - MAIN ENTRY--PERSONAL NAME
Personal name KULSHERESTHA, SMITA
245 ## - TITLE STATEMENT
Title HANDBOOK OF FOOD AND NUTRITION
250 ## - EDITION STATEMENT
Edition statement 1ST
260 ## - PUBLICATION, DISTRIBUTION, ETC. (IMPRINT)
Place of publication, distribution, etc INDIA
Name of publisher, distributor, etc POINTER PUB.
Year of Publication 2022
300 ## - PAGE DESCRIPTION
No. of Pages 192
650 ## - SUBJECT ADDED ENTRY--TOPICAL TERM
Topical term or geographic name as entry element FOOD AND NUTRITION
942 ## - ADDED ENTRY ELEMENTS (KOHA)
Source of classification or shelving scheme Dewey Decimal Classification
Koha item type Books
942 ## - ADDED ENTRY ELEMENTS (KOHA)
-- 1
Holdings
Withdrawn status Lost status Source of classification or shelving scheme Damaged status Not for loan Collection code Home library Current library Shelving location Date acquired Vendor Name Cost, normal purchase price SGTU Bill Number Total Checkouts Full call number Accession No. (Barcode) Date last seen Date last borrowed Bill Date Koha item type
    Dewey Decimal Classification     HOTEL MANAGEMENT SGT Science & Social Sciences Library SGT Science & Social Sciences Library Text Book 31/12/2024 BIRJWASI 1550.00 SGTU BW00094 1 641.2 KUL HM1334 19/02/2025 11/02/2025   Books
    Dewey Decimal Classification     HOTEL MANAGEMENT SGT Science & Social Sciences Library SGT Science & Social Sciences Library Text Book 31/12/2024 BIRJWASI 1550.00 SGTU BW00094   641.2 KUL HM1335 31/12/2024     Books
    Dewey Decimal Classification     HOTEL MANAGEMENT SGT Science & Social Sciences Library SGT Science & Social Sciences Library Text Book 31/12/2024 BIRJWASI 1550.00 SGTU BW00094   641.2 KUL HM1336 31/12/2024     Books